Irodalom és közönség a reformkorban : Regélő Pesti Divatlap /

Uložené v:
Podrobná bibliografia
Hlavný autor: Erdélyi, Ilona T. 1926- (Author)
Médium: Kniha
Jazyk:Hungarian
Vydané: Budapest : Akadémiai Kiadó, 1970.
Edícia:Irodalomtörténeti füzetek 69
ISBN: (brož.)
Fyzický popis: 247 s. ; 19 cm.
Tagy: Pridať tag
Žiadne tagy, Buďte prvý kto otaguje tento záznam!

MARC

LEADER 00000nam a22000004a 4500
001 000413541
005 20121218205312.0
008 121218s1970 hu e 000 0 hun d
020 |a (brož.)  |c Kčs 25,50 
040 |a SVKKK  |b slo  |c SVKKK  |e AACR2 
041 0 |a hun 
044 |a hu  |c HU 
100 1 |a Erdélyi, Ilona T.  |d 1926-  |4 aut 
245 1 0 |a Irodalom és közönség a reformkorban :  |b Regélő Pesti Divatlap /  |c Ilona T. Erdélyi. 
260 |a Budapest :  |b Akadémiai Kiadó,  |c 1970. 
300 |a 247 s. ;  |c 19 cm. 
490 1 |a Irodalomtörténeti füzetek  |v 69 
830 0 |a Irodalomtörténeti füzetek  |v 69 
910 |a svkkk 
998 |a BK 
090 |g SCKHL  |k Sklad Hlavná 10 suterén  |a I.38770  |j 443251  |i 2720633149  |s Absenčne